| 000 | 00475nam a2200193Ia 4500 | ||
|---|---|---|---|
| 005 | 20240823022928.0 | ||
| 008 | 240823s9999||||xx |||||||||||||| ||und|| | ||
| 020 | _a978-81-203-2883-9 | ||
| 041 | _aENGLISH | ||
| 082 | _A658.562 P8 | ||
| 100 | _a"Besterfield,Dale H etal" | ||
| 245 | 0 | _aTotal Quality Management | |
| 250 | _a3rd | ||
| 260 |
_c2008 _b"PHI,.New " _aNew Delhi |
||
| 500 | _aYES | ||
| 650 |
_aQuality _bManagement Studies |
||
| 942 | _cBK | ||
| 999 |
_c180331 _d180331 |
||